000 01638nem0a2200361 4500
001 RU\NLR\BIBL_A\010754204
005 20250614093547.0
035 _a(NLR Aleph) 010754204
090 _a9954382
_c9954382
100 _a20150515d1930 |||y0rusy50 ca
101 0 _arus
102 _aRU
120 _abyy xx||
123 1 _aа
_b2520000
135 _acrcn 024anaba
200 1 _aПочвенная карта Европейской части СССР
_bКарты
_fСост. Л. И. Прасоловым
_gПод общ. рук. акад. К. Д. Глинки
206 _a1:2 520 000, 25,2 км в 1 см
210 _aЛенинград
_cАН СССР
_d1930
215 _a1 к. (6 л.)
_cцв.
_d67х79 см
300 _aВ надзаг.: АН СССР. Почвенный ин-т им. Докучаева
300 _aЗагл., усл. зн., вых. данные парал. рус., англ.
325 1 _aКопия доступна в электронной библиотеке РНБ
509 0 1 _7ca
_aСССР. Европейская часть
_92635642
_3RU\NLR\AUTH\5504654
608 _aПочвенные карты
_91672383
_3RU\NLR\AUTH\66741822
620 _aСССР
702 1 _aПрасолов
_bЛ. И.
_4070
702 1 _aГлинка
_bК. Д.
_4570
852 _aNLR
_bК
_j4-СЕвр 3/17
_m387
_t388
901 _eКартографические материалы
942 _cMAP
980 _aNB
981 1 9 _a(19) Картографические материалы